Klimatická krize a zelená dohoda Noam Chomsky

Uložené v:
Podrobná bibliografia
Hlavný autor: Polychroniou, C. J.
Médium: Kniha
Jazyk:Czech
Vydavateľské údaje: Olomouc Broken Books 2023
Vydanie:1. vydání
Predmet:
Tagy: Pridať tag
Žiadne tagy, Buďte prvý, kto otaguje tento záznam!

MARC

LEADER 00000nam a2200000 4500
001 0305164
005 20250515132305.6
020 |a 978-80-908951-0-2 
041 0 |a cze 
044 |a CZ 
245 1 0 |a Klimatická krize a zelená dohoda  |b Noam Chomsky  |c C. J. Polychroniou 
250 |a 1. vydání 
264 1 |a Olomouc  |b Broken Books  |c 2023 
300 |a 162 s. 
610 2 0 |a zmeny klimatické 
610 2 0 |a kríza environmentálna 
610 2 0 |a kapitalizmus 
610 2 0 |a politika ekologická 
610 2 0 |a politika environmentálna 
610 2 0 |a politika medzinárodná 
610 2 0 |a ochrana prostredia životného 
100 1 |a Polychroniou, C. J.